000 00381nam a2200169 i 4500
001 bg
100 1 _aBańka, Józef
_d(1934- ).
245 0 _aCywilizacja, obawy, nadzieje /
_cJózef Bańka.
260 _aWarszawa,
_c1979.
040 _cBPK
041 _apol
080 _a008
080 _a62
080 _a159.9
942 _cKS
008 s pl f |000 0 pol
999 _c21463
_d21463
856 _uhttp://koha.tu.koszalin.pl/cgi-bin/koha/opac-detail.pl?biblionumber=21463
_yKatalog online BPK